000
00302nam a22001337a 4500
008
170524b xxu||||| |||| 00| 0 eng d
020
_a
2900470417019
041
_a
eng
080
_2
3RD
_a
62
100
_a
26
101
_a
IM
245
_a
A GUIDE TO WRITING AS AN ENGINEER
_c
BEER,D
942
_2
udc
_c
BK
999
_c
14187
_d
14187